| 000 | 00467nam a2200181Ia 4500 | ||
|---|---|---|---|
| 003 | GCL | ||
| 008 | 140319s9999 xx 000 0 eng d | ||
| 040 |
_aGCL / _cGCL |
||
| 082 | 0 | 4 |
_a09.021 _bD P |
| 100 | 1 | _aDODWELL, C.R | |
| 245 | 1 | 0 |
_aTHE PICTARIAL ARTS OF WEST 800 - 1200 / _cDODWELL, C.R |
| 260 |
_a[S.N] : _bYALE UNIVERSITY PRESS ، _c1993 |
||
| 300 | _a461 P P | ||
| 650 | 0 | 4 | _aARTS |
| 650 | 0 | 4 | _aART, MEDIEVAL |
| 650 | 0 | 4 | _aART - HISTORY |
| 942 |
_2ddc _cBK |
||
| 999 |
_c11915 _d11915 |
||